AFERICAN VOICE ON STRACTURAL ADFJUSTEMENT (Record no. 19727)

MARC details
000 -LEADER
fixed length control field 00411nam a22001697a 4500
003 - CONTROL NUMBER IDENTIFIER
control field OSt
005 - DATE AND TIME OF LATEST TRANSACTION
control field 20211123111849.0
008 - FIXED-LENGTH DATA ELEMENTS--GENERAL INFORMATION
fixed length control field 211123b |||||||| |||| 00| 0 eng d
020 ## - INTERNATIONAL STANDARD BOOK NUMBER
International Standard Book Number 0889368880
040 ## - CATALOGING SOURCE
Transcribing agency HU
082 ## - DEWEY DECIMAL CLASSIFICATION NUMBER
Classification number 338
100 ## - MAIN ENTRY--PERSONAL NAME
Personal name MKANDAWIRE SOLIDO
9 (RLIN) 20076
245 ## - TITLE STATEMENT
Title AFERICAN VOICE ON STRACTURAL ADFJUSTEMENT
260 ## - PUBLICATION, DISTRIBUTION, ETC.
Place of publication, distribution, etc. NEW DEHALI
Name of publisher, distributor, etc. NAYROBI
Date of publication, distribution, etc. 2003
300 ## - PHYSICAL DESCRIPTION
Extent 505
942 ## - ADDED ENTRY ELEMENTS (KOHA)
Source of classification or shelving scheme Dewey Decimal Classification
Koha item type Books like text book referance book
Suppress in OPAC No
Holdings
Withdrawn status Lost status Source of classification or shelving scheme Damaged status Not for loan Home library Current library Shelving location Date acquired Total Checkouts Full call number Barcode Date last seen Copy number Price effective from Koha item type
    Dewey Decimal Classification     College of Business and Economics Library College of Business and Economics Library General Stacks 11/23/2021   338/AFR MBELIB00002313 11/23/2021 1 11/23/2021 Books like text book referance book
    Dewey Decimal Classification     College of Business and Economics Library College of Business and Economics Library General Stacks 11/23/2021   338/AFR MBELIB00002314 11/23/2021 2 11/23/2021 Books like text book referance book
    Dewey Decimal Classification     College of Business and Economics Library College of Business and Economics Library General Stacks 11/23/2021   338/AFR MBELIB00002315 11/23/2021 3 11/23/2021 Books like text book referance book